01710nam a22002417a 4500003000400000005001700004008004100021020001800062040001500080082001400095100002700109245002900136264005100165300004000216490003400256521086500290521003901155650004001194650004201234942001501276999001701291952016001308OSt20240412172149.0240412b ||||| |||| 00| 0 spa d a9788408097266 cCO- Mq BPB aAN bAMOe aAmoraga, CarmeneAutor aEl tiempo Mientras Tanto aBarcelona (España)bEditorial Planeta c2010 a297 Páginas bTapa rusticac23 cm aFinalista Premio Planeta 2010 aUna gran novela de vidas cruzadas. Son muchas las mujeres que esperan vivir una vida de novela: la que se casa aunque sueña con reencontrarse con el amor de su vida al doblar la esquina; la niña que crece esperando que su vecino se fije en ella, y la convencida de que su conquista cruzará un océano para buscarla. Ésta es la novela de María José, que sufre un accidente justo cuando ha recuperado el control de su vida. Y la novela de su madre, tan parecidas sin quererlo. Y también la de Marga, su amiga, que sueña por las dos. Y la de Fermín, Paco y Joaquín. Es la historia de todas esas personas, unidos por lazos de amistad, de amor o de familia, y que a pesar de ello se convierten en desconocidos. Sólo una mirada desde la distancia los ayuda a recomponer su propio mapa vital. Carmen Amoraga ha escrito una novela inolvidable. aRecomendado para público adulto  aFicción Moderna Y Contemporánea aAutores Españoles e Iberoamericanos 2ddccBKLIT c15379d15379 00102ddc40708LAaBPMOSbBPMOScFICd2024-04-12eDonacióniNTl1m1oAN AMOepMOS503584r2025-01-15s2024-12-06tEj.1w2024-04-12yBKLITzQuince dias